000 00288nam a2200097Ia 4500
008 220120s9999||||xx |||||||||||||| ||und||
100 _aHemuganapathy, A and Mandanna, A.M
_912650
245 0 _aHome Pi
260 _aCoorg Institute of Technology
_bPonnampet
_c2017
650 _aCOMPUTER SCIENCE
999 _c138249
_d138249